Hiv. Mantenere un fegato sano Consigli sull'alimentazione e stili di vita

Сохранить в:
Библиографические подробности
Соавтор: Nadir
Формат:
Язык:английский
Опубликовано: Roma Nadir 2005
Метки: Добавить метку
Нет меток, Требуется 1-ая метка записи!

MARC

LEADER 00000nam a2200000 4500
005 20241016174128.0
008 241016b |||||||| |||| 00| 0 eng d
040 |c GP 
110 |a Nadir 
245 |a Hiv. Mantenere un fegato sano  |b Consigli sull'alimentazione e stili di vita 
260 |a Roma  |b Nadir  |c 2005 
942 |2 ddc  |c BK  |n 0 
952 |0 0  |1 0  |2 ddc  |4 0  |6 614_050000000000000_NAD  |7 1  |9 2134  |a RM  |b RM  |d 2024-10-16  |l 0  |o 614.05 NAD  |p 225  |r 2024-10-16 17:41:48  |w 2024-10-16  |y BK 
999 |c 1876  |d 1876